000
00252 a2200097 4500
090
_c
3597
_d
3597
100
_a
Mike Mcgrath
245
_a
Wap with WML Programming in Easy Steps
260
_a
Dreamtech Press
_b
New Delhi
_c
2001
942
_a
NBS
_c
BK
_k
005.1 MCG
999
_c
346068
_d
346068